000 01818nam a2200325 i 4500
001 197911
003 ES-MaACL
005 20251103144009.0
007 ta
008 250611e1949 sp a|||| |||| 001 1 spa d
040 _aES-MaACL
_bspa
_cES-MaACL
_erda
080 _a821.134.2-34"19"
100 1 _9114818
_aVilariño, Remigio,
_d1865-1939
_eaut
245 1 0 _aVerdades en cuentos /
_ccuentos antiguos del P. Remigio Vilariño, S.I., ordenados y editados por MAR
264 1 _aBilbao :
_bEl Mensajero del Corazón de Jesús,
_c1949
300 _a63 páginas :
_bilustraciones ;
_c17 cm.
336 _2rdacontent
_atexto
337 _2rdamedia
_asin mediación
338 _2rdacarrier
_avolumen
490 0 _aDe broma y de veras ;
_vnúmero 434
500 _aÍndice
505 _a¡Sinceridad! ; La zorra política ; Cuestión de Papas ; El huevo de Tom Twigg ; Torongo y Maranga ; Bueno, ¡muy bueno!, pero... ; La esquila de la conciencia ; Otros vendrán que buenos nos harán ; La vaca socialista ; No abuses de los buenos ; A un laico grosero, un cura listo ; ¡Una mula preciosa! ; Esto no puede quedar así ; ¡Viva Marx y el socialismo consciente! ; ¡Eche usté jigos! ; Lo que cuesta romper una urna ; ¡Los sabios! ; Nunca falta un tramposo para otro tramposo ; Lon ; Mil esqueletos de gatos ; Todo se puede decir como decir se sepa ; Un desafío a salchichas ; Una conversación de agua en vino ; Testamento generoso ; ¡Pero si no había más! ; Ya escampará
655 4 _9226829
_aCuentos
852 _aES-MaACL
_cDEPO1
_jA-15601(7)
_hDonación: José Lázaro García
_xHolandesa
_9206875
903 _9234219
_aLázaro García, José
_ednr
942 _n0
_cMONOGRAFIA
999 _c197911
_d197911